000 00295nam a2200133Ia 4500
008 240624s9999 xx 000 0 und d
041 _aeng
082 _a823 JHA
100 _aJHA RAJ KAMAL
245 _aFIREPROOF
260 _c2008
_aNew Delhi
_bMacmillan
300 _a388 : p.
365 _cRS
999 _c17128
_d17128